Se reconnaitre homosexuel : vers une situation nouvelle /

Saved in:
Bibliografiske detaljer
Hovedforfatter: Sengers, Wijnand J.
Format: Bog
Sprog:engelsk
Udgivet: Francia Maison Mame 1970
Tags: Tilføj Tag
Ingen Tags, Vær først til at tagge denne postø!

MARC

LEADER 00000nam a22000007a 4500
003 arcigay genova
005 20250930153953.0
008 250923b |||||||| |||| 00| 0 eng d
040 |c Arcigay Genova 
100 |a Sengers, Wijnand J. 
245 |a Se reconnaitre homosexuel :  |b vers une situation nouvelle /  |c Wijnand J. Sengers 
260 |a Francia  |b Maison Mame  |c 1970 
942 |2 ddc  |c BK  |n 0 
952 |0 0  |1 0  |2 ddc  |4 0  |6 155_300000000000000_SEN_SER  |7 0  |9 9629  |a GE  |b GE  |d 2025-09-23  |l 0  |o 155.3 SEN SER  |p 2073  |r 2025-09-23 16:08:00  |w 2025-09-23  |y BK  |z Fondo Giovanni Delfino 
999 |c 8028  |d 8028